Quản lý thực tập sư phạm với nâng cao chất lượng đào tạo giáo viên
Gorde:
| Egile nagusia: | |
|---|---|
| Formatua: | Liburua |
| Hizkuntza: | Undetermined |
| Gaiak: | |
| Sarrera elektronikoa: | http://lrc.tdmu.edu.vn/opac/search/detail.asp?aID=2&ID=21189 |
| Etiketak: |
Etiketa erantsi
Etiketarik gabe, Izan zaitez lehena erregistro honi etiketa jartzen!
|
| Thư viện lưu trữ: | Trung tâm Học liệu Trường Đại học Thủ Dầu Một |
|---|
| LEADER | 00751nam a2200145Ia 4500 | ||
|---|---|---|---|
| 001 | TDMU_21189 | ||
| 008 | 210410s9999 xx 000 0 und d | ||
| 082 | |a 378 | ||
| 100 | |a Lê, Hồng Hạnh | ||
| 245 | 0 | |a Quản lý thực tập sư phạm với nâng cao chất lượng đào tạo giáo viên | |
| 245 | 0 | |c Lê Hồng Hạnh | |
| 300 | |a Tr.10-12,16 | ||
| 650 | |a Quản lý giáo dục |x Đào tạo giáo viên; Giáo dục đại học |x Thực tập sư phạm |x Sinh viên; Quản lý; Thực tập; Giáo viên; Sinh viên; Đào tạo; Chất lượng | ||
| 856 | |u http://lrc.tdmu.edu.vn/opac/search/detail.asp?aID=2&ID=21189 | ||
| 980 | |a Trung tâm Học liệu Trường Đại học Thủ Dầu Một | ||